000 01231aam a2200361 i 4500
001 vtls000940841
003 PNM
005 20220210112408.0
008 211108s2021 my aob e 000 0 may
015 _aM21-09212
020 _a9789671638774
_cRM150.00
_qhardback
039 9 _a202112221459
_bnor_afizah
_c202111231520
_dmiza_h
_c202111110811
_dadayu
040 _aBNM
_beng
_cBNM
_erda
_dPPAK
049 _amal
082 0 4 _a910.92251
_223
090 0 0 _a910.92251
_bLIU
_dR
100 1 _aLiu, Yusuf Baojun,
_d1963-
_eauthor.
245 1 0 _aLAKSAMANA CHENG HO DI ALAM MELAYU (1371-1433) /
_cYUSUF LIU BAOJUN
250 _aEdisi Pertama: 2021
264 1 _aPetaling Jaya, Selangor :
_bCM Diverse Sdn. Bhd.,
_c[2021]
300 _axi, 166 pages :
_billustrations, colour photographs, colour maps, ;
_c26 cm
336 _atext
_2rdacontent
337 _aunmediated
_2rdamedia
338 _avolume
_2rdacarrier
500 _aParallel text in Malay and Chinese language
504 _aBibliography: pages 165-166
600 1 0 _aZheng, He, 1371-1435
600 1 0 _aZheng, He,
_d1371-1435
_xTravel
_zWestern countries
650 1 0 _aExplorers
_zChina
_vBiography
942 _2ddc
_cB
949 _62000784825
949 _62000784824
999 _c187437
_d187437